| 000 | 00455nam a22001577a 4500 | ||
|---|---|---|---|
| 005 | 20240516113639.0 | ||
| 008 | 240516b |||||||| |||| 00| 0 eng d | ||
| 020 | _a756123845096 | ||
| 082 |
_a005.369 _b QUA |
||
| 245 |
_aQuattro Pro/ _bAward-Winning Spreadsheet and Graphics V6.0/ |
||
| 260 |
_aUSA; _bWord Perfect; _c1994. |
||
| 300 |
_axvi. 752 p.: _bill.; _c22.8 cm. |
||
| 500 | _aInclude Index. | ||
| 650 | _aComputer Science/Programming | ||
| 999 |
_c35780 _d35780 |
||